000 00818nam a2200253Ia 4500
003 OSt
005 20220926004803.0
006 a|||||r|||| 00| 0
007 ta
008 220923b |||||||| |||| 00| 0 eng d
020 _a0761934235
_c405
037 _b936, 02/02/2007, VIBHA BOOKS INTERNATIONAL
_cGeneral Book
040 _aRTL
_cRTL
_beng
041 _2eng
_aeng
082 _aY72:7:7.2.P, P6
100 _aRath Govind Chandra Ed.
_9309258
245 0 _aTribal development in India
_b The contemporary debate
260 _a New Delhi
_bSage
_c2006
300 _a340p
_ccm.
500 _aBibliography: Chapterwise
650 _aSociology
942 _hY72:7:7.2.P, P6
_cGB
_2CC
999 _c612282
_d612282